=LDR 00000nam 2200000 4500 =001 INLIS000000000029043 =005 20210121125940 =035 ##$$a 0010-061300000029043 =008 210121################g##########0#ind## =041 ##$$a Ind =082 ##$$a 334 =090 ##$$a 334, Hen e =100 ##$$a Hendar =245 1#$$a Ekonomi koperasi : $b (untuk perguruan tinggi) /$c Hendar, SE., M. Si. =260 ##$$a Jakarta :$b Lembaga Penerbit Fakultas Universitas Indonesia,$c 1999 =300 ##$$a x, 196 hlm : $b ilus ; $c 25 x 18 cm. =650 #4$$a Koperasi =850 ##$$a NBPNMAT =020 ##$$a 979-9242-03-7 =084 ##$$a 334 HEN e =250 ##$$a cet. 1 =520 ##$$a Bibliografi : hlm. 195-196 =990 ##$$a 143.022/pRO.99 =990 ##$$a 143.022/pRO.99